| 000 | 01229nam0a2200337 4500 | ||
|---|---|---|---|
| 001 | RU\NLR\BIBL_A\022718627 | ||
| 005 | 20260406160944.0 | ||
| 010 |
_a978-5-17-178293-1 _92000 |
||
| 021 |
_aRU _bКН-П-25-077483 _9КН-П-25-7513 |
||
| 035 | _a(NLR Aleph) 022718627 | ||
| 090 |
_a13653693 _c13653693 |
||
| 100 | _a20260204d2025 d y0rusy50 ca | ||
| 101 | 0 | _arus | |
| 102 | _aRU | ||
| 105 | _aa z 000ay | ||
| 181 | 0 |
_ai3 _baxxe |
|
| 182 | 0 | _an | |
| 200 | 1 |
_aПодарок из прошлого _e[повесть] _eдля среднего школьного возраста _fЕ. Каретникова _g[художник С. Крашенинникова] |
|
| 203 |
_aТекст _bвизуальный _cнепосредственный |
||
| 210 |
_aМосква _cАСТ _d2025 |
||
| 215 |
_a222, [1] с. _cил. _d21 |
||
| 225 | 1 | _aМоя Родина | |
| 333 | _a12+ | ||
| 686 | 0 | _aШ9(2)62=Р7-4 | |
| 700 | 1 |
_aКаретникова _bЕ.А. _f1976- _gЕкатерина Алексеевна _3RU\NLR\AUTH\77125546 |
|
| 702 | 1 |
_aКрашенинникова _bС. А. _gСветлана А _4040 |
|
| 942 | _cBOOK | ||
| 980 | _aNB | ||